A Dissident Liberal (Record no. 350964)
[ view plain ]
| 000 -LEADER | |
|---|---|
| fixed length control field | 00663nam a2200145Ia 4500 |
| 008 - FIXED-LENGTH DATA ELEMENTS--GENERAL INFORMATION | |
| fixed length control field | 171212s9999 xx 000 0 und d |
| 020 ## - INTERNATIONAL STANDARD BOOK NUMBER | |
| International Standard Book Number | 9781925022544 |
| 100 ## - MAIN ENTRY--PERSONAL NAME | |
| Personal name | Baume, Peter |
| 245 ## - TITLE STATEMENT | |
| Statement of responsibility, etc | Baume, Petereditor Wanna, John;Taflaga, Marija |
| Title | A Dissident Liberal |
| Remainder of title | The Political Writings of Peter Baume |
| 260 ## - PUBLICATION, DISTRIBUTION, ETC. (IMPRINT) | |
| Name of publisher, distributor, etc | ANU E Press |
| Date of publication, distribution, etc | 2015 |
| 440 ## - SERIES STATEMENT/ADDED ENTRY--TITLE | |
| Title | Australia and New Zealand School of Government (ANZSOG) |
| 650 ## - SUBJECT ADDED ENTRY--TOPICAL TERM | |
| Topical term or geographic name as entry element | History |
| 650 ## - SUBJECT ADDED ENTRY--TOPICAL TERM | |
| Topical term or geographic name as entry element | Liberal Party of Australia; Politicians -- Australia -- Biography; Australia -- Politics and government -- 1972–1975; Australia -- Politics and government -- 1976–1990 |
| 856 ## - ELECTRONIC LOCATION AND ACCESS | |
| Uniform Resource Identifier | <a href="http://jstor.org/stable/j.ctt183q3f4">http://jstor.org/stable/j.ctt183q3f4</a> |
| Withdrawn status | Lost status | Damaged status | Home library | Current library | Date acquired | Total Checkouts | Date last seen | Price effective from | Koha item type |
|---|---|---|---|---|---|---|---|---|---|
| College Library | College Library | 12/12/2017 | 12/12/2017 | 12/12/2017 | Curriculum - Based eBooks |